Rodina Monetových. 3, Zlato /
Třetí svazek bestsellerové knižní série přináší další poutavé osudy rodiny Monetových, které s napětím sledují čtenářky a čtenáři na celém světě.
Uloženo v:
| Série: | Rodina Monetových,
část 3 |
|---|---|
| Hlavní autor: | |
| Další autoři: | |
| Médium: | E-kniha |
| Jazyk: | Czech |
| Vydáno: |
Praha :
Dobrovský s.r.o.,
2026
|
| Edice: | King Cool
|
| Témata: | |
| Příbuzné jednotky: | Z cyklu::
Rodina Monetových |
| Tagy: |
Žádné tagy |
| LEADER | 03015nam a2200541 i 4500 | ||
|---|---|---|---|
| 001 | 312921 | ||
| 003 | CZ PrSKC | ||
| 005 | 20260601215730.0 | ||
| 007 | ta | ||
| 008 | 260220s2026 xr d 000 f cze | ||
| 015 | |a cnb003741898 | ||
| 020 | |a 9788027724949 |q (brožováno) : |c Kč 499,00 | ||
| 035 | |a (OCoLC)1584376039 | ||
| 040 | |a ABG001 |b cze |d OLA001 |e rda | ||
| 041 | 1 | |a cze |h pol | |
| 072 | 7 | |a 821.162.1 |x Polská literatura |2 Konspekt | |
| 072 | 7 | |a 821-93 |x Literatura pro děti a mládež (beletrie) |2 Konspekt | |
| 080 | |a 821.162.1-31 |2 MRF | ||
| 080 | |a 821-93-053.67 |2 MRF | ||
| 080 | |a 821-93 |2 MRF | ||
| 080 | |a (0:82-31) |2 MRF | ||
| 100 | 1 | |a Marczak, Weronika Anna, |d 1996- |7 xx0328165 |4 aut | |
| 240 | 1 | 0 | |a Królewna. |l Česky |
| 245 | 1 | 0 | |a Rodina Monetových. |n 3, |p Zlato / |c Weronika Anna Marczak ; přeložil Martin Veselka |
| 246 | 3 | 0 | |a Zlato |
| 264 | 1 | |a Praha : |b Dobrovský s.r.o., |c 2026 | |
| 300 | |a 348 stran ; |c 20 cm | ||
| 336 | |a text |b txt |2 rdacontent | ||
| 337 | |a bez média |b n |2 rdamedia | ||
| 338 | |a svazek |b nc |2 rdacarrier | ||
| 490 | 1 | |a King Cool | |
| 500 | |a Přeloženo z polštiny | ||
| 520 | 2 | |a Třetí svazek bestsellerové knižní série přináší další poutavé osudy rodiny Monetových, které s napětím sledují čtenářky a čtenáři na celém světě. |b I když je Hailie teprve šestnáct let a neoplývá zrovna zázračnou sebejistotou, postupně si dokázala Willa, Vincenta, Dylana, Shana, a dokonce i Tonyho dokonale omotat kolem prstu. Starší bratři by kvůli ní klidně třeba skočili do ohně a udělají pro ni úplně cokoliv. A jelikož není silnějšího člověka než toho, za kterým stojí jeho vlastní krev, nejmladší členka rodiny Monetových se cítí čím dál pevnější v kramflecích. Brzy ale zjistí, že jejich obrovské bohatství jde ruku v ruce se smrtelným nebezpečím. A navíc s sebou nese také spoustu odříkání a omezení v běžném životě, které vůbec není snadné snášet. Nakladatelská anotace. Kráceno. | |
| 655 | 7 | |a polské romány |7 fd133084 |2 czenas | |
| 655 | 7 | |a literatura young adult |7 fd1185572 |2 czenas | |
| 655 | 7 | |a publikace pro mládež |7 fd133157 |2 czenas | |
| 655 | 9 | |a Polish fiction |2 eczenas | |
| 655 | 9 | |a young adult literature |2 eczenas | |
| 655 | 9 | |a juvenile literature |2 eczenas | |
| 700 | 1 | |a Veselka, Martin, |d 1987- |7 xx0164689 |4 trl | |
| 710 | 2 | |a Dobrovský (firma) |7 olak2017946581 |4 pbl | |
| 787 | 0 | 8 | |i Z cyklu: |t Rodina Monetových |g 3 |
| 830 | 0 | |a King Cool | |
| 900 | |a ABA001 |b 20 | ||
| 044 | |a xr | ||
| 910 | |a RBIT002 | ||
| 998 | |d 425138 |a https://core.palmknihy.cz/api/books/425138/cover?tb0nke |b https://core.palmknihy.cz/api/books/425138/cover/400?tb0nke |c https://core.palmknihy.cz/api/books/425138/cover/50?tb0nke |e 2030-07-30 |g 352 |i 9788027724949 |j https://core.palmknihy.cz/api/books/425138/preview.epub |k https://core.palmknihy.cz/api/books/425138/preview.pdf |l |q 49 |r 1 |s https://www.palmknihy.cz/kniha/425138 |t ebook |y 2026 |z 0 |v Rodina Monetových |w 3 | ||
| 999 | |d 312919 | ||